| 000 | 00728nam0a2200253 4500 | ||
|---|---|---|---|
| 001 | 30402 | ||
| 010 | _a9789722340540 | ||
| 005 | 20220405165437.0 | ||
| 021 |
_aPT _b284769/08 |
||
| 090 | _a30402 | ||
| 100 | _a20090615d2008 am 0pory5003 ba | ||
| 101 |
_apor _ceng |
||
| 102 | _aPT | ||
| 105 | _aa z 000ay | ||
| 930 | _lBECRE | ||
| 675 |
_a087.5 _vBNL _zpor |
||
| 700 | 1 |
_aAlmond _bDavid _94667 |
|
| 702 | 1 |
_aDunbar _bPolly _4440 _94543 |
|
| 702 | 1 |
_aRodrigues _bFernanda Pinto _4730 _92282 |
|
| 200 | 1 |
_a<O >Meu Pai é um Homem-Pássaro _fDavid Almond _gil. Polly Dunbar _gtrad. Fernanda Pinto Rodrigues |
|
| 210 |
_aBarcarena _cPresença _d2008 |
||
| 215 |
_a113, [3] _d21 cm |
||
| 225 | 2 |
_aEstrela do Mar _v119 |
|
| 990 | _cLIVROS | ||